| 000 | 00452nam a2200169Ia 4500 | ||
|---|---|---|---|
| 008 | 230718s9999 xx 000 0 und d | ||
| 020 | _a9788131758021 | ||
| 041 | _aeng | ||
| 082 |
_a725.23 _bALG |
||
| 100 |
_aAlger D. _9193299 |
||
| 245 | _aGrow A Greener Data Center | ||
| 260 |
_c2011 _bPearson Education |
||
| 300 | _a270 | ||
| 365 |
_cRs. _b499.00 |
||
| 700 |
_aAlger D. _9193299 |
||
| 906 |
_dO:0267301-Mar-2012B:1066717-Jan-2012 _cCOMP _b124.75 |
||
| 999 |
_c330211 _d330211 |
||